| 000 | 01262nam a2200313 a 4500 | ||
|---|---|---|---|
| 001 | ebr10232603 | ||
| 003 | CaPaEBR | ||
| 006 | m u | ||
| 007 | cr cn||||||||| | ||
| 008 | 071026s2007 njua sb 001 0 eng | ||
| 010 | _z 2007044553 | ||
| 020 | _z9780470510827 (alk. paper) | ||
| 040 |
_aCaPaEBR _cCaPaEBR |
||
| 035 | _a(OCoLC)608622586 | ||
| 050 | 1 | 4 |
_aTK7868.T5 _b.K56 2007eb |
| 082 | 0 | 4 |
_a621.3815 _222 |
| 100 | 1 |
_aKinniment, D. J. _q(David John) |
|
| 245 | 1 | 0 |
_aSynchronization and arbitration in digital systems _h[electronic resource] / _cDavid Kinniment. |
| 260 |
_aHoboken, NJ : _bJ. Wiley & Sons, _c2007. |
||
| 300 |
_axvi, 263 p. : _bill. |
||
| 504 | _aIncludes bibliographical references and index. | ||
| 533 |
_aElectronic reproduction. _bPalo Alto, Calif. : _cebrary, _d2013. _nAvailable via World Wide Web. _nAccess may be limited to ebrary affiliated libraries. |
||
| 650 | 0 |
_aTiming circuits _xDesign and construction. |
|
| 650 | 0 |
_aDigital integrated circuits _xDesign and construction. |
|
| 650 | 0 | _aSynchronization. | |
| 655 | 7 |
_aElectronic books. _2local |
|
| 710 | 2 | _aebrary, Inc. | |
| 856 | 4 | 0 |
_uhttp://site.ebrary.com/lib/rucke/Doc?id=10232603 _zAn electronic book accessible through the World Wide Web; click to view |
| 999 |
_c151706 _d151706 |
||